[Event "SVK-ch U18"]
[Site "Stara Lubovna"]
[Date "2014.04.09"]
[Round "6"]
[White "Hlavina, Lubos"]
[Black "Sarocky, Lukas"]
[Result "1-0"]
[WhiteElo "1875"]
[BlackElo "1735"]
[PlyCount "83"]
[EventDate "2014.04.05"]
[EventType "swiss"]
[EventRounds "9"]
[EventCountry "SVK"]
[SourceTitle "EXT 2016"]
[Source "ChessBase"]
[SourceDate "2015.10.08"]
[SourceVersion "1"]
[SourceVersionDate "2015.10.08"]
[SourceQuality "1"]

1. e4 c5 2. Nf3 d6 3. d4 cxd4 4. Nxd4 Nf6 5. Nc3 a6 6. Be3 Ng4 7. Bg5 h6 8. Bh4 g5 9. Bg3 Bg7 10. Be2 Ne5 11. Qd2 Nbc6 12. Nb3 b5 13. 0-0 Be6 14. Rad1 Nc4 15. Bxc4 bxc4 16. Nc1 Rb8 17. b3 cxb3 18. axb3 0-0 19. N1e2 Qc7 20. f4 gxf4 21. Bxf4 Kh7 22. Nd5 Bxd5 23. exd5 Ne5 24. Kh1 Qb7 25. Ng3 Ng6 26. Be3 Qb4 27. Qc1 e6 28. Nh5 Qh4 29. Nxg7 Kxg7 30. dxe6 fxe6 31. Rxf8 Rxf8 32. Rxd6 e5 33. Rd7+ Kg8 34. c4 Qg4 35. Rd1 Nh4 36. Rg1 Kh7 37. Qd1 Qe4 38. Qd7+ Kh8 39. Qd6 Ng6 40. Bxh6 Rf2 41. Qb8+ Kh7 42. Qa7+ 1-0

[Event "SVK-chT2D 1314"]
[Site "Slovakia"]
[Date "2013.10.20"]
[Round "2.8"]
[White "Sarocky, Lukas"]
[Black "Krajnak, Jan"]
[Result "0-1"]
[WhiteElo "1738"]
[BlackElo "2038"]
[PlyCount "60"]
[EventDate "2013.10.19"]
[EventType "team-tourn"]
[EventRounds "11"]
[EventCountry "SVK"]
[SourceTitle "EXT 2015"]
[Source "ChessBase"]
[SourceDate "2014.11.20"]
[SourceVersion "1"]
[SourceVersionDate "2014.11.20"]
[SourceQuality "1"]
[WhiteTeam "Sabinov II"]
[BlackTeam "Margecany"]
[WhiteTeamCountry "SVK"]
[BlackTeamCountry "SVK"]

1. e4 e5 2. Nf3 Nc6 3. d4 exd4 4. Nxd4 Qh4 5. Nc3 Bb4 6. Qd3 Nf6 7. Nxc6 dxc6 8. e5 Nd5 9. Bd2 Bxc3 10. Bxc3 Be6 11. g3 Qe7 12. 0-0-0 0-0-0 13. Qf3 Qg5+ 14. Bd2 Qxe5 15. Qa3 Kb8 16. Bg2 Qe2 17. Bxd5 Bxd5 18. Rhe1 Qh5 19. Be3 b6 20. h4 Bf3 21. Rxd8+ Rxd8 22. Bf4 Rd7 23. Qf8+ Kb7 24. b3 Qa5 25. Re8 Qxa2 26. Rb8+ Ka6 27. Qc8+ Kb5 28. c4+ Kb4 29. Qxd7 Qa1+ 30. Kd2 Qc3# 0-1

[Event "SVK-ch U16"]
[Site "Lubovna"]
[Date "2013.04.09"]
[Round "5"]
[White "Sarocky, Lukas"]
[Black "Adamciak, Tomas"]
[Result "0-1"]
[WhiteElo "1735"]
[BlackElo "1870"]
[PlyCount "74"]
[EventDate "2013.04.06"]
[EventType "swiss"]
[EventRounds "9"]
[EventCountry "SVK"]
[SourceTitle "CBM 153 Extra"]
[Source "ChessBase"]
[SourceDate "2013.04.22"]
[SourceVersion "1"]
[SourceVersionDate "2013.04.22"]
[SourceQuality "1"]

1. e4 c5 2. Nf3 e6 3. d4 cxd4 4. Nxd4 Nc6 5. Nc3 Qc7 6. Be2 Nf6 7. 0-0 Be7 8. Be3 0-0 9. Kh1 d6 10. f4 Bd7 11. Bf3 Nxd4 12. Bxd4 Bc6 13. e5 Nd7 14. exd6 Bxd6 15. Bxc6 Qxc6 16. Qg4 e5 17. fxe5 Bxe5 18. Bxe5 Nxe5 19. Qe4 Qxe4 20. Nxe4 Rfd8 21. Rad1 Nc4 22. h3 Ne3 23. Rxd8+ Rxd8 24. Rc1 f5 25. Nc5 Rd2 26. Nxb7 Rxg2 27. Re1 Rg3 28. Kh2 f4 29. Nc5 Rg2+ 30. Kh1 Rxc2 31. Nd3 g5 32. Rg1 h6 33. Nxf4 Rxb2 34. h4 g4 35. Re1 Nf5 36. Rg1 g3 37. Nh5 Rh2# 0-1

[Event "SVK-ch U16"]
[Site "Lubovnianske Kupele"]
[Date "2012.03.23"]
[Round "8"]
[White "Harvan, Richard"]
[Black "Sarocky, Lukas"]
[Result "1-0"]
[WhiteElo "1983"]
[BlackElo "1747"]
[PlyCount "81"]
[EventDate "2012.03.17"]
[EventType "swiss"]
[EventRounds "9"]
[EventCountry "SVK"]
[SourceTitle "CBM 147 Extra"]
[Source "ChessBase"]
[SourceDate "2012.04.24"]
[SourceVersion "1"]
[SourceVersionDate "2012.04.24"]
[SourceQuality "1"]

1. e4 c6 2. d4 d5 3. e5 Bf5 4. Be3 e6 5. Nd2 Nd7 6. Ngf3 h6 7. Be2 Qc7 8. 0-0 c5 9. c4 cxd4 10. Bxd4 Ne7 11. Rc1 Qb8 12. cxd5 Nxd5 13. Bb5 Qd8 14. Nc4 Be7 15. Ne3 Be4 16. Nd2 Nxe3 17. Bxe3 Bd5 18. Qg4 Kf8 19. Bxd7 Qxd7 20. Ne4 Qa4 21. f3 h5 22. Qf4 Rd8 23. Rc7 Qa5 24. Rfc1 Bxe4 25. Qxe4 Rd1+ 26. Rxd1 Qxc7 27. Rc1 Qd7 28. Bxa7 g5 29. Qd4 Qxd4+ 30. Bxd4 Bb4 31. Rc7 Kg7 32. Rxb7 Bd2 33. Rc7 Rd8 34. Bb6 Rd5 35. Kf1 Bf4 36. g3 Bxe5 37. Rc5 Bxb2 38. Rxd5 exd5 39. a4 Kf8 40. a5 d4 41. Ke2 1-0

[Event "SVK-ch U16"]
[Site "Lubovnianske Kupele"]
[Date "2012.03.18"]
[Round "2"]
[White "Sarocky, Lukas"]
[Black "Haborak, Kristian"]
[Result "0-1"]
[WhiteElo "1747"]
[BlackElo "1815"]
[PlyCount "72"]
[EventDate "2012.03.17"]
[EventType "swiss"]
[EventRounds "9"]
[EventCountry "SVK"]
[SourceTitle "CBM 147 Extra"]
[Source "ChessBase"]
[SourceDate "2012.04.24"]
[SourceVersion "1"]
[SourceVersionDate "2012.04.24"]
[SourceQuality "1"]

1. e4 e5 2. Nf3 Nf6 3. Nxe5 d6 4. Nf3 Nxe4 5. d4 d5 6. Bd3 Be7 7. Qe2 Nf6 8. 0-0 0-0 9. Bg5 h6 10. Bh4 Nc6 11. c3 Re8 12. Qc2 Nh5 13. Bxe7 Rxe7 14. Nbd2 Nf4 15. Rfe1 Nxd3 16. Qxd3 Bg4 17. Ne5 Nxe5 18. dxe5 Qd7 19. Nb3 b6 20. f4 c5 21. h3 Bf5 22. Qg3 Re6 23. Rad1 Rg6 24. Qf3 Bxh3 25. Rxd5 Bxg2 26. Rxd7 Bxf3+ 27. Kf2 Bc6 28. Rc7 Bd5 29. Rd1 Be6 30. Rd2 h5 31. Kf3 h4 32. Ke4 Bh3 33. Rh2 Bg2+ 34. Kf5 h3 35. Rd7 Rg3 36. Nd2 g6+ 0-1